000 00612nam a2200241Ia 4500
003 OSt
005 20221005083452.0
006 a|||||r|||| 00| 0
007 ta
008 221004b |||||||| |||| 00| 0 eng d
024 _a65229
037 _cTextual
040 _aCRL
_cCRL
_beng
041 _2eng
_aeng
082 _aX:87, N3
100 _aNag A
_942728
245 0 _aManagement refresher
_b A reader for every manager
260 _aNew Delhi
_bVikas India
_c1993
300 _a196p.
_ccm.
650 _aECONOMICS
942 _hX:87, N3
_cTEXL
_2cc
999 _c991030
_d991030